000 01424nam a2200421 i 4500
001 14373
003 KOSZ 005
005 20230224141134.0
008 070726s1971 pl a f 000 0 pol
015 _aPB 1972/1277
035 _a991035586339705066
035 _a(PL-WaBN)b19570909-48omnis_nlop
035 _ab19570909
035 _a(OCoLC)169913784
035 _a(PL)b0000001957090
035 _a(EXLNZ-48OMNIS_NETWORK)9910125321505606
040 _aWA N
_cWA N
_dKOSZ 005/RW
046 _k1971
080 _a681.3
100 1 _aGrodzki, Zdzisław.
_eAutor
245 1 0 _aK-maszyny i ich własności /
_cZdzisław Grodzki ; Centrum Obliczeniowe Polskiej Akademii Nauk.
260 _aWarszawa :
_bPaństwowe Wydawnictwo Naukowe,
_c1971.
300 _a46, [1] stron :
_berrata ;
_c24 cm.
336 _aTekst
_btxt
_2rdacontent
337 _aBez urządzenia pośredniczącego
_bn
_2rdamedia
338 _aWolumin
_bnc
_2rdacarrier
380 _aKsiążki
388 _a1901-2000
504 _aBibliografia na stronie [43].
658 _aInformatyka i technologie informacyjne
650 7 _aMatematyka
650 7 _aKomputery
_2DBN
650 7 _aCiągi
710 2 _aPaństwowe Wydawnictwo Naukowe
_4pbl.
856 _uhttp://koha.tu.koszalin.pl/cgi-bin/koha/opac-detail.pl?biblionumber=14373
_yKatalog online BPK
942 _2UKD
_cKS
999 _c14373
_d14373